I︠A︡kutskai︠a︡ sovetskai︠a︡ dramaturgii︠a︡ : (zarozhdenie i razvitie sot︠s︡ialisticheskogo realizma) /

Bibliographic Details
Main Author: Bili͡ukina, A. A. (Alla Afanasʹevna)
Other Authors: Sivt͡seva, N. S. (Nadezhda Sergeevna)
Format: Book
Language:Russian
Published: Moskva : Nauka, 1988.
Subjects:

MARC

Tag First Indicator Second Indicator Subfields
LEADER 00000cam a2200000 a 4500
001 in00001472713
005 20151021055317.0
008 880906s1988 ru b 000 0 rusoc
010 |a  88181842  
020 |a 5020113441 :  |c 2.70rub 
035 |a (OCoLC)18795818 
035 |9 AJF3423AM 
040 |a DLC/ICU  |c CGU  |d DLC  |d TXA  |d UtOrBLW 
043 |a e-ur-ru 
049 |a TXAM 
050 0 0 |a PL363.5  |b .B54 1988 
100 1 |a Bili͡ukina, A. A.  |q (Alla Afanasʹevna) 
245 1 0 |a I︠A︡kutskai︠a︡ sovetskai︠a︡ dramaturgii︠a︡ :  |b (zarozhdenie i razvitie sot︠s︡ialisticheskogo realizma) /  |c A.A. Bili︠u︡kina ; otvetstvennyĭ redaktor N.S. Sivt︠s︡eva. 
264 1 |a Moskva :  |b Nauka,  |c 1988. 
300 |a 223 pages ;  |c 20 cm. 
336 |a text  |b txt  |2 rdacontent 
337 |a unmediated  |b n  |2 rdamedia 
338 |a volume  |b nc  |2 rdacarrier 
500 |a At head of title: Akademii︠a︡ nauk SSSR. Sibirskoe otdelenie. I︠A︡kutskiĭ filial. Institut i︠a︡zyka, literatury i istorii. 
504 |a Includes bibliographies. 
650 0 |a Yakut drama  |y 20th century  |x History and criticism. 
650 0 |a Theater  |z Russia (Federation)  |z Sakha  |x History  |y 20th century. 
650 0 |a Socialist realism in literature. 
700 1 |a Sivt͡seva, N. S.  |q (Nadezhda Sergeevna) 
948 |a c:ml 
999 |a MARS 
999 f f |s 71398cee-1130-3c0c-8547-62510d205baf  |i 886f059b-f431-3eb0-8c64-67e49c2ee504  |t 0 
952 f f |p ric  |a Texas A&M University  |b Rellis Campus  |c Joint Library Facility  |d Remote Storage  |t 0  |e PL363.5 .B54 1988  |h Library of Congress classification  |i unmediated -- volume  |m A14824124611 
998 f f |a PL363.5 .B54 1988  |t 0  |l Remote Storage